[Event "Adelaide Interclub-B"]
[Site "Adelaide"]
[Date "2010.06.22"]
[Round "8.2"]
[White "Colliver, Scott"]
[Black "Branson, Edward"]
[Result "1-0"]
[WhiteElo "1413"]
[BlackElo "1124"]
[PlyCount "73"]
[EventDate "2010.05.04"]
[EventType "team-tourn"]
[EventRounds "9"]
[EventCountry "AUS"]
[SourceTitle "EXT 2023"]
[Source "ChessBase"]
[SourceDate "2022.10.05"]
[SourceVersion "1"]
[SourceVersionDate "2022.10.05"]
[SourceQuality "1"]

1. e4 c5 2. c3 Nc6 3. d4 cxd4 4. cxd4 d6 5. Nc3 Nf6 6. Nf3 e6 7. Bb5 a6 8. Ba4 Bd7 9. 0-0 Be7 10. Be3 0-0 11. Rc1 b5 12. Bc2 Ng4 13. a3 Nxe3 14. fxe3 Na5 15. e5 Nc4 16. Qd3 g6 17. Rb1 Bc6 18. exd6 Bxd6 19. Qe2 Qb6 20. Be4 Bxe4 21. Nxe4 f5 22. Nxd6 Qxd6 23. Nd2 Nxd2 24. Qxd2 e5 25. Rfd1 e4 26. g3 Rad8 27. Rbc1 Rf6 28. Rc5 Qb6 29. Rdc1 Rfd6 30. Qb4 Rb8 31. Qb3+ Kg7 32. Rc7+ Kh6 33. Qf7 Rh8 34. Qg7+ Kg5 35. Qxh8 Qa5 36. Qxh7 Qd2 37. Qh4# 1-0

[Event "Doeberl Cup Minor 47th"]
[Site "Canberra"]
[Date "2009.04.12"]
[Round "5"]
[White "Kanagarajah, Abbie"]
[Black "Colliver, Scott"]
[Result "1/2-1/2"]
[WhiteElo "1137"]
[BlackElo "1341"]
[PlyCount "71"]
[EventDate "2009.04.10"]
[EventType "swiss"]
[EventRounds "6"]
[EventCountry "AUS"]
[SourceTitle "CBM 129 Extra"]
[Source "ChessBase"]
[SourceDate "2009.05.05"]
[SourceVersion "2"]
[SourceVersionDate "2009.05.20"]
[SourceQuality "1"]

1. e4 e6 2. d4 d5 3. exd5 exd5 4. Bd3 Bd6 5. Nf3 Nf6 6. 0-0 0-0 7. Re1 Bg4 8. Bg5 Nbd7 9. Nbd2 c6 10. c3 Qc7 11. Qc2 Rae8 12. h3 Bh5 13. Bf5 Bg6 14. Nh4 Bxf5 15. Nxf5 h6 16. Be3 Re6 17. Re2 Rfe8 18. Rae1 Bf8 19. Qc1 Ne4 20. Nxe4 Rxe4 21. Ng3 R4e6 22. Bf4 Bd6 23. Bxd6 Qxd6 24. Qc2 Rxe2 25. Rxe2 Rxe2 26. Qxe2 Nf6 27. Kf1 Kf8 28. Qe3 Qe6 29. Ke2 Qxe3+ 30. Kxe3 g6 31. Kf4 Ke7 32. h4 Ke6 33. f3 Ne8 34. b3 Nd6 35. a4 f5 36. Ne2 1/2-1/2

[Event "Doeberl Cup Minor 47th"]
[Site "Canberra"]
[Date "2009.04.10"]
[Round "2"]
[White "Colliver, Scott"]
[Black "Clark, David"]
[Result "1-0"]
[WhiteElo "1341"]
[BlackElo "881"]
[PlyCount "93"]
[EventDate "2009.04.10"]
[EventType "swiss"]
[EventRounds "6"]
[EventCountry "AUS"]
[SourceTitle "CBM 129 Extra"]
[Source "ChessBase"]
[SourceDate "2009.05.05"]
[SourceVersion "2"]
[SourceVersionDate "2009.05.20"]
[SourceQuality "1"]

1. e4 c6 2. d4 d5 3. Nc3 dxe4 4. Nxe4 Bf5 5. Ng3 Bg6 6. Nf3 Nf6 7. Bd3 Bxd3 8. Qxd3 e6 9. Bf4 c5 10. 0-0-0 Be7 11. Bxb8 Rxb8 12. Qb5+ Qd7 13. Qxd7+ Nxd7 14. d5 exd5 15. Rhe1 Nf6 16. Nf5 Ne4 17. Rxd5 g6 18. Nxe7 Kxe7 19. Rxe4+ Kf8 20. Rd7 Kg7 21. Ree7 Rhf8 22. Ne5 Rbe8 23. Rxb7 Rxe7 24. Rxe7 Kf6 25. Nc6 Rc8 26. Nxa7 Kxe7 27. Nxc8+ Kd7 28. Nb6+ Kc6 29. Nc4 Kd5 30. b3 f5 31. Kd2 Ke4 32. a4 Kd5 33. Kd3 h6 34. c3 g5 35. b4 cxb4 36. cxb4 Kc6 37. b5+ Kc5 38. b6 Kc6 39. a5 Kb7 40. Nd6+ Ka6 41. b7 Ka7 42. a6 Kb8 43. Nb5 f4 44. Kd4 g4 45. Kc5 g3 46. Kc6 gxf2 47. a7# 1-0

[Event "Doeberl Cup Minor 47th"]
[Site "Canberra"]
[Date "2009.04.10"]
[Round "1"]
[White "Lakshman, Vinay"]
[Black "Colliver, Scott"]
[Result "1/2-1/2"]
[WhiteElo "943"]
[BlackElo "1341"]
[PlyCount "118"]
[EventDate "2009.04.10"]
[EventType "swiss"]
[EventRounds "6"]
[EventCountry "AUS"]
[SourceTitle "CBM 129 Extra"]
[Source "ChessBase"]
[SourceDate "2009.05.05"]
[SourceVersion "2"]
[SourceVersionDate "2009.05.20"]
[SourceQuality "1"]

1. e4 e6 2. d4 d5 3. Nc3 Bb4 4. e5 c5 5. a3 Bxc3+ 6. bxc3 Nc6 7. Qg4 g6 8. Bb2 Nge7 9. Nf3 h5 10. Qf4 Nf5 11. Bd3 Qb6 12. Rb1 cxd4 13. cxd4 g5 14. Nxg5 Ncxd4 15. c3 Nc6 16. a4 Qc7 17. c4 Qa5+ 18. Qd2 Qxd2+ 19. Kxd2 dxc4 20. Bxc4 Rg8 21. f4 b6 22. Bb5 Bb7 23. Rhd1 Nfe7 24. g3 Nd5 25. Ne4 Kf8 26. Nd6 Na5 27. Nxb7 Nxb7 28. Bc6 Rb8 29. Bxd5 exd5 30. Ba3+ Ke8 31. Ke3 Rc8 32. Rxd5 Rc3+ 33. Rd3 Rc2 34. Rb2 Rxb2 35. Bxb2 Nc5 36. Rc3 Kd7 37. Rc4 h4 38. Kf3 hxg3 39. hxg3 Kc6 40. Ba3 Kd5 41. Rb4 Rh8 42. Rb5 Rc8 43. Bxc5 bxc5 44. Rb1 Rc7 45. Ke3 Kc4 46. Ke4 Kc3 47. Rc1+ Kb3 48. f5 c4 49. Rb1+ Ka2 50. Rh1 c3 51. e6 fxe6 52. fxe6 c2 53. Kf5 Rb7 54. Rh2 Rb2 55. Rxc2 Rxc2 56. e7 Re2 57. Kf6 Rf2+ 58. Kg7 Re2 59. Kf7 Rf2+ 1/2-1/2

[Event "IECC CL6-2008.11 email"]
[Site "IECC email"]
[Date "2009.01.19"]
[Round "?"]
[White "Colliver, Scott"]
[Black "D'Aragona, Vittoria"]
[Result "0-1"]
[WhiteElo "1218"]
[BlackElo "1408"]
[PlyCount "24"]
[EventDate "2008.??.??"]
[EventType "tourn (corr)"]
[EventRounds "4"]
[SourceTitle "Corr 2013"]
[Source "ChessBase"]
[SourceDate "2012.11.12"]
[SourceVersion "1"]
[SourceVersionDate "2012.11.12"]
[SourceQuality "1"]
[WhiteTeam "Italy"]
[BlackTeam "Canada"]
[WhiteTeamCountry "ITA"]
[BlackTeamCountry "CAN"]

1. e4 e6 2. d4 d5 3. Nc3 Nf6 4. e5 Nfd7 5. Nce2 Be7 6. Be3 0-0 7. g4 c5 8. f4 Qb6 9. Qc1 f6 10. c3 fxe5 11. dxe5 d4 12. cxd4 Qc6 0-1

[Event "Adelaide SA-ch cand"]
[Site "Adelaide"]
[Date "2007.03.06"]
[Round "5"]
[White "Branson, Edward"]
[Black "Colliver, Scott"]
[Result "0-1"]
[WhiteElo "901"]
[BlackElo "1449"]
[PlyCount "70"]
[EventDate "2007.02.06"]
[EventType "swiss"]
[EventRounds "6"]
[EventCountry "AUS"]
[SourceTitle "EXT 2010"]
[Source "ChessBase"]
[SourceDate "2010.11.25"]
[SourceVersion "1"]
[SourceVersionDate "2010.11.25"]
[SourceQuality "1"]

1. e4 e6 2. Nf3 d5 3. exd5 exd5 4. d4 Nf6 5. Be2 Bg4 6. 0-0 Bd6 7. Bg5 0-0 8. Ne5 Bxe2 9. Qxe2 Re8 10. Nc3 c6 11. Qf3 Re6 12. Ne2 h6 13. Bh4 g5 14. Bg3 Qe7 15. Qd3 Ne4 16. f4 Nxg3 17. Nxg3 gxf4 18. Rxf4 Bxe5 19. dxe5 Nd7 20. Nf5 Qg5 21. Raf1 Nxe5 22. Qh3 Rae8 23. Rh4 Ng6 24. Nxh6+ Kh7 25. Nxf7+ Qxh4 26. Ng5+ Kg8 27. Qf5 Qd4+ 28. Kh1 Rf6 29. g4 Rxf5 30. gxf5 Ne5 31. Rg1 Kh8 32. f6 Rg8 33. f7 Qxg1+ 34. Kxg1 Rxg5+ 35. Kf2 Nxf7 0-1

[Event "Adelaide SA-ch cand"]
[Site "Adelaide"]
[Date "2007.02.27"]
[Round "4"]
[White "Colliver, Scott"]
[Black "Milton, Anthony W"]
[Result "0-1"]
[WhiteElo "1449"]
[BlackElo "1345"]
[PlyCount "100"]
[EventDate "2007.02.06"]
[EventType "swiss"]
[EventRounds "6"]
[EventCountry "AUS"]
[SourceTitle "EXT 2010"]
[Source "ChessBase"]
[SourceDate "2010.11.25"]
[SourceVersion "1"]
[SourceVersionDate "2010.11.25"]
[SourceQuality "1"]

1. e4 c5 2. c4 d6 3. Nf3 Nc6 4. d3 Nf6 5. Be2 g6 6. Nc3 Bg7 7. Be3 0-0 8. Qd2 Ng4 9. Bg5 f5 10. exf5 Bxf5 11. h3 Nge5 12. g4 Bxd3 13. Nxe5 Nxe5 14. f4 Bxe2 15. Qd5+ Nf7 16. Kxe2 Qb6 17. Rab1 e6 18. Qd3 Rfe8 19. Rhd1 e5 20. Nd5 exf4+ 21. Kf2 Qa5 22. Bxf4 Qd8 23. Kg2 Ne5 24. Qc2 Rf8 25. Bg3 Qd7 26. Bxe5 Bxe5 27. Rf1 Rae8 28. b3 Bd4 29. Rbd1 Qe6 30. Rxf8+ Rxf8 31. Rd2 Qf7 32. Qd1 Re8 33. Qf3 Qxf3+ 34. Kxf3 Kf7 35. b4 Re5 36. b5 Re1 37. Re2 Rxe2 38. Kxe2 Ke6 39. a4 Ke5 40. Kf3 g5 41. a5 a6 42. bxa6 bxa6 43. Nc7 Bc3 44. Nxa6 Bxa5 45. Ke3 d5 46. Nxc5 Bb6 47. cxd5 Kxd5 48. h4 Bxc5+ 49. Kf3 h6 50. Kg2 Ke4 0-1

[Event "IECC CL6-2001.11"]
[Site "IECC email"]
[Date "2001.03.19"]
[Round "?"]
[White "Colliver, Scott"]
[Black "Agnew, George Hartwell"]
[Result "1-0"]
[WhiteElo "1237"]
[BlackElo "1179"]
[PlyCount "63"]
[EventDate "2001.??.??"]
[EventType "tourn (corr)"]
[EventRounds "4"]
[SourceTitle "Corr 2008"]
[Source "ChessBase"]
[SourceDate "2008.06.24"]
[SourceVersion "1"]
[SourceVersionDate "2008.06.24"]
[SourceQuality "1"]

1. c4 d5 2. cxd5 Nf6 3. d4 Nxd5 4. e4 Nf6 5. Nc3 e6 6. Nf3 Bd7 7. Bd3 Bb4 8. Bd2 Nc6 9. 0-0 0-0 10. Bg5 Be7 11. Qb3 Na5 12. Qc2 c5 13. e5 Nd5 14. Bxe7 Qxe7 15. Bxh7+ Kh8 16. Be4 Nxc3 17. Qxc3 Bc6 18. Bxc6 Nxc6 19. dxc5 Rad8 20. Rad1 Rc8 21. Rd6 Rfd8 22. Rfd1 Rxd6 23. cxd6 Qd7 24. Rc1 a6 25. Nd4 Kg8 26. Nb3 Na7 27. Qe3 Nb5 28. Rxc8+ Qxc8 29. Qc1 Qa8 30. g3 b6 31. d7 Na7 32. Qc7 1-0

[Event "IECC CL6-2001.11"]
[Site "IECC email"]
[Date "2001.03.19"]
[Round "?"]
[White "Colliver, Scott"]
[Black "Van Lieshout, Henk HM"]
[Result "0-1"]
[WhiteElo "1242"]
[BlackElo "1379"]
[PlyCount "32"]
[EventDate "2001.??.??"]
[EventType "tourn (corr)"]
[EventRounds "4"]
[SourceTitle "Corr 2008"]
[Source "ChessBase"]
[SourceDate "2008.06.24"]
[SourceVersion "1"]
[SourceVersionDate "2008.06.24"]
[SourceQuality "1"]

1. d4 d5 2. Nf3 Nf6 3. e3 Nc6 4. c4 dxc4 5. Bxc4 e6 6. 0-0 Bd6 7. b3 0-0 8. Bb2 a6 9. a3 Bd7 10. Nbd2 b5 11. Bd3 Nd5 12. Rc1 Rc8 13. Ne4 Be7 14. Nc5 Bxc5 15. Rxc5 Na5 16. Ne5 Nc6 0-1

[Event "IECC Swiss email"]
[Site "IECC email"]
[Date "2000.06.16"]
[Round "?"]
[White "Colliver, Scott"]
[Black "Cashon, John J"]
[Result "0-1"]
[WhiteElo "1400"]
[BlackElo "1936"]
[PlyCount "36"]
[EventDate "2000.??.??"]
[EventType "tourn (corr)"]
[EventRounds "6"]
[SourceTitle "Corr 2008"]
[Source "ChessBase"]
[SourceDate "2008.06.24"]
[SourceVersion "1"]
[SourceVersionDate "2008.06.24"]
[SourceQuality "1"]

1. d4 Nf6 2. c4 g6 3. Nc3 Bg7 4. e4 0-0 5. Nf3 d6 6. Be2 e5 7. dxe5 dxe5 8. Qxd8 Rxd8 9. Bg5 Re8 10. 0-0-0 Na6 11. Nb5 Nxe4 12. Rd8 Rxd8 13. Bxd8 Bh6+ 14. Kc2 Nxf2 15. Rf1 Bf5+ 16. Kc3 Rxd8 17. Rxf2 Nc5 18. Nxc7 Ne4+ 0-1

[Event "IECC M email"]
[Site "IECC email"]
[Date "2000.06.04"]
[Round "?"]
[White "Colliver, Scott"]
[Black "Avy, Jean Pierre"]
[Result "1-0"]
[WhiteElo "1398"]
[BlackElo "1151"]
[PlyCount "35"]
[EventDate "2000.??.??"]
[EventType "tourn (corr)"]
[EventRounds "2"]
[SourceTitle "Corr 2008"]
[Source "ChessBase"]
[SourceDate "2008.06.24"]
[SourceVersion "1"]
[SourceVersionDate "2008.06.24"]
[SourceQuality "1"]

1. d4 d5 2. Nf3 Nf6 3. e3 e6 4. Bd3 c5 5. c3 c4 6. Bc2 b5 7. Nbd2 Bb7 8. 0-0 Bd6 9. Re1 Nbd7 10. e4 dxe4 11. Nxe4 Bxe4 12. Bxe4 Nxe4 13. Rxe4 0-0 14. Re1 Qc7 15. Be3 Nf6 16. h3 Rab8 17. a3 a5 18. Qd2 1-0